000
00325nam a2200133Ia 4500
005
20260328104312.0
008
260328s9999||||xx |||||||||||||| ||und||
100
_a
Angehr, George R
245
2
_a
A Bird-Finding Guide to Panamá /
_c
George R Angehr
260
_b
Audubon
300
_a
391 p.
650
_a
AVES
942
_c
BK
999
_c
10988
_d
10988